| 000 | 00535nam a2200217Ia 4500 | ||
|---|---|---|---|
| 003 | OSt | ||
| 005 | 20220928141039.0 | ||
| 006 | a|||||r|||| 00| 0 | ||
| 007 | ta | ||
| 008 | 220927b |||||||| |||| 00| 0 eng d | ||
| 024 | _a13099 | ||
| 037 | _cTextual | ||
| 040 |
_aSDCL _cSDCL _beng |
||
| 041 |
_2eng _aeng |
||
| 082 | _aO-,3NRJ,1, L3 | ||
| 100 |
_aRobert Jane _9498667 |
||
| 245 | 0 | _aEducation of oversoul seven. | |
| 260 | _c1973 | ||
| 942 |
_hO-,3NRJ,1, L3 _cTEXL _2CC |
||
| 999 |
_c815508 _d815508 |
||